Patriotism : [Japanese Version] = Yûkoku [Japanese Version] /
Cinta que narra el suicidio ritual (seppuku) de un oficial naval japonés y de su esposa cuando fracasa el golpe de Estado en que participaban. Debido a que el realizador y escritor Yukio Mishima se diera muerte pocos años más tarde de esta manera, su esposa destruyó todas las copias del cortometraje...
Na minha lista:
| Autor principal: | |
|---|---|
| Outros Autores: | , , |
| Formato: | |
| Idioma: | japonês |
| Colecção: | (Criterion Collection ;
433) |
| Assuntos: | |
| Tags: |
Sem tags, seja o primeiro a adicionar uma tag!
|
MARC
| LEADER | 00000ngm^a2200000^a^4500 | ||
|---|---|---|---|
| 001 | 000312163 | ||
| 005 | 20251020000000.0 | ||
| 009 | 20260310113107.186 | ||
| 020 | |a 978-1-60465-041-9 | ||
| 037 | |a Acervo ITESO - Biblioteca | ||
| 041 | |a JAP | ||
| 082 | |a 808. 8 |b CRI V. 433 | ||
| 100 | |a Mishima, Yukio |e (realización) | ||
| 245 | 1 | 0 | |a Patriotism : |b [Japanese Version] = Yûkoku [Japanese Version] / |c Realización de Y. Mishima, D. Masaki. |
| 264 | 2 | |a Nueva York, EUA : |b Criterion Collection [distribución], |c 2008, c2008 | |
| 300 | |a 1 DVD región 1 |c (27, 29 min.) + |e 1 libro ([72] p.) | ||
| 336 | |a imagen móvil bidimensional |b tdi |2 rdacontenido | ||
| 337 | |a video |b v |2 rdamedio | ||
| 338 | |a videodisco |b vd |2 rdasoporte | ||
| 440 | 1 | |a (Criterion Collection ; |v 433) | |
| 500 | |a Basado en: Patriotismo, de Yukio Mishima | ||
| 520 | |a Cinta que narra el suicidio ritual (seppuku) de un oficial naval japonés y de su esposa cuando fracasa el golpe de Estado en que participaban. Debido a que el realizador y escritor Yukio Mishima se diera muerte pocos años más tarde de esta manera, su esposa destruyó todas las copias del cortometraje; hacia 2005 se localizó un original del que se han generado nuevas copias. La presente edición en The Criterion Collection incluye una grabación de audio de una conferencia dictada por Mishima en el Club de Corresponsales Extranjeros de Japón, un documental sobre la filmación del cortometraje, extractos de comentarios de Mishima sobre la Segunda Guerra Mundial y la muerte. | ||
| 545 | 0 | |a El escritor japonés Yukio Mishima (1925-1970), representante de la escuela de la literatura moderna de posguerra, Segunda Generación, fue un prolífico autor de novelas, cuentos, teatro y versiones modernas de dramas Nō tradicionales, entre ellas: Confesiones de una máscara (1949), El color prohibido (1952), La muerte de la mitad del verano (1953), El tumulto de las olas (1954), El pabellón de oro (1956), Patriotismo (1960), El sabor de la gloria (1963) y La corrupción de un ángel (1971), publicación póstuma y testamento ideológico. Conocedor de los variados estilos del japonés, incluido el medieval, también hablaba y conocía la literatura de diversos idiomas occidentales, lo que le permitió crear una prosa austera, considerada una de las más estilizadas del japonés de mediados del siglo XX. La suya es una narrativa guiada por la visión del protagonista; el resto de los participantes son unidimensionales y existen por el rol que juegan en torno al principal. Feroz crítico del Japón posbélico, tema central de su obra es la mezcla de valores opuestos: los tradicionales y milenarios de su país en comparación con la estética moderna y occidental, marcada por la ausencia de espiritualidad. Mishima fue de los primeros nipones en tratar abiertamente la homosexualidad; basó su producción en la combinación armónica del erotismo, la añoranza de la era de los samuráis, algunos pasajes autobiográficos, junto con las contradicciones entre deseo y rechazo, belleza y violencia. Algunos de sus personajes construyen su propio mundo y reestablecen el orden de las cosas en el marco de la tensión entre deseo y deber en situaciones peligrosas y trágicas. Fue fundador de Asociación de los Escudos, una milicia de extrema derecha nacionalista que buscaba restaurar el poder imperial y protestar contra la desmilitarización de su país; se dio muerte en la forma tradicional japonesa tras un fallido intento de golpe de Estado. | |
| 546 | |a En japonés, con subtítulos opcionales: inglés | ||
| 649 | |a XX | ||
| 650 | |a Cine Japonés - |y 1960-1969 | ||
| 650 | |a Cine Japonés - |y Siglo XX | ||
| 650 | |a Cortometrajes y Mediometrajes Japoneses | ||
| 650 | |a Cine en Blanco y Negro - |z Japón | ||
| 650 | |a Escritores Japoneses | ||
| 650 | |a Cuentos Japoneses - |x Adaptaciones para Cine | ||
| 650 | |a Literatura Japonesa - |y Siglo XX - |x Adaptaciones para Cine | ||
| 650 | |a Literatura y Cine | ||
| 650 | |a Marinos Japoneses | ||
| 650 | |a Fuerzas Armadas - |z Japón | ||
| 650 | |a Honor - |z Japón | ||
| 650 | |a Suicidio | ||
| 650 | |a Muerte | ||
| 650 | |a Sexualidad | ||
| 650 | |a Golpe de Estado | ||
| 600 | |a Mishima, Yukio | ||
| 740 | 0 | |a Patriotism : |b [English Version] = Yûkoku [English Version]/ |c Realización de Y. Mishima, D. Masaki. | |
| 700 | |a Masaki, Domoto |e (realización) | ||
| 700 | |a Mishima, Yukio |e (actuación) | ||
| 700 | |a Tsuruoka, Yoshiko |e (actuación) | ||
| 910 | |a Fondo General | ||
| 920 | |a Audiovisuales - DVDs | ||
| 940 | |a Películas | ||
| 905 | |a 308 | ||
| 901 | |a 0500204084 |b IT2 |c DVR |i C127671 |u 20250521 | ||
| 901 | |a 0500204085 |b IT2 |c MIN |i C127671 |u 20251020 | ||
| 902 | |a https://opac.biblio.iteso.mx/vufind/Record/000312163 | ||